Music Quiz

Random Music or Canada Quiz
Score 0/36 Timer 05:00
3 Plays Today
Hint Answer % Correct
Bachman-Turner OverdriveYet
87.8%
Bryan Adams'69
84.9%
Bryan AdamsKnife
83.2%
Neil YoungWorld
82.7%
Alanis MorissetteKnow
80.1%
Avril LavigneBoi
79%
Neil YoungGold
78.8%
Bachman-Turner OverdriveMan
75.3%
Bachman-Turner OverdriveBusiness
74.7%
Arcade FireUp
73.9%
Paul AnkaLife
73.2%
k.d. langYou
71.9%
Justin BieberNever
71.8%
Paul AnkaBaby
71.7%
Alanis MorissettePocket
70.4%
Neil YoungRush
68.9%
Arcade FireRunning
68.9%
k.d. langLove
65.6%
Hint Answer % Correct
NickelbackGround
62.2%
RushNight
60.6%
RushSawyer
57.2%
NickelbackAway
56.4%
Nelly FurtadoBird
55.8%
Nelly FurtadoLight
55.5%
Avril LavigneHell
49.9%
Justin BieberBeat
43.7%
RushRadio
42.1%
Justin BieberMean
41.2%
k.d. langCraving
39.2%
Alanis MorissetteFeet
37.2%
Nelly FurtadoRight
25.1%
Avril LavigneEnding
24.1%
Bryan AdamsSomeone
20.2%
Arcade FireStart
14.3%
NickelbackSomebody
9%
Paul AnkaDestiny
4.8%
Remove Ads.
Support Sporcle.
Get the best of Sporcle when you Go Orange. This ad-free experience offers more features, more stats, and more fun while also helping to support Sporcle. Thank you for becoming a member.

You're not logged in!

Compare scores with friends on all Sporcle quizzes.
OR
Log In

Show Comments

Extras

Top Quizzes Today


Score Distribution

Your Account Isn't Verified!

In order to create a playlist on Sporcle, you need to verify the email address you used during registration. Go to your Sporcle Settings to finish the process.

Report this User

Report this user for behavior that violates our Community Guidelines.

Details: